| 000 | 01736nam a22004817a 4500 | ||
|---|---|---|---|
| 003 | OSt | ||
| 005 | 20230413081749.0 | ||
| 008 | 221006b |||||||| |||| 00| 0 eng d | ||
| 040 | _cBiblioteca Lado V | ||
| 082 |
_a700 _bK41a |
||
| 100 |
_9797 _aKerraoul, Jean Pierre de _eeditor _edirector |
||
| 245 | _aArtpress/ | ||
| 260 |
_bCourt Gallerie _c2002 _aParis |
||
| 300 |
_c21x28cm _a98p. |
||
| 366 | _eeng | ||
| 490 |
_a279 _v02 _v2002 _x0004 3273 |
||
| 505 | _texporama | ||
| 505 | _tla revolution surrealiste | ||
| 505 | _tLee Bull les deux corps de l'artiste | ||
| 505 | _tc'est un probleme de temps/ notes sur l'art italien aujourd'hui | ||
| 505 | _tBertrand Gadenne le petit prince des tenebres | ||
| 505 | _tShirin Neshat le vent souffle dans les voiles | ||
| 505 | _tJust the two of us / video sentimentale | ||
| 505 | _tmore reality | ||
| 505 | _tBela Tarr un cinema topologique | ||
| 505 | _tart press livres | ||
| 505 | _tdouble exil: la correspondance Adorno-Benjamin | ||
| 505 | _tJean-Pierre Thibaudat | ||
| 505 | _tle feuilleton | ||
| 505 | _tles livres | ||
| 505 | _tles expositions | ||
| 505 | _tla photographie | ||
| 650 |
_2Tesauro de Arte & Arquitectura _aARTE _9703 |
||
| 650 |
_2Tesauro de Arte & Arquitectura _aEXPOSICIONES |
||
| 650 |
_2Tesauro de Arte & Arquitectura _aBIENAL |
||
| 650 |
_2Tesauro de Arte & Arquitectura _aAPRECIACION |
||
| 650 |
_2Tesauro de Arte & Arquitectura _aTEORIA |
||
| 650 |
_2Tesauro de Arte & Arquitectura _aCRITICA |
||
| 650 |
_2Tesauro de Arte & Arquitectura _aFOTOGRAFIA _9702 |
||
| 650 |
_2Tesauro de Arte & Arquitectura _aLITERATURA |
||
| 650 |
_2Tesauro de Arte & Arquitectura _aPARIS |
||
| 942 |
_2ddc _c1 _h700 _iK41a _n0 |
||
| 999 |
_c3347 _d3347 |
||